02255nab a22002537a 4500003000400000005001700004008004100021040000700062100002700069245014600096260007300242300001300315500004400328505117000372505009001542650002901632650003101661650003201692650002501724650005201749650004201801650002601843773013201869OSt20251023095041.0190603e xxum|||| |||| 00| 0 spa d cPJ aMizrahi, Mauricio Luis10aProcedencia de los daños y perjuicios por impedimentos de contacto parento-filiales. Responsabilidad del Estado / cMauricio Luis Mizrahi. cCiudad Autónoma de Buenos Aires :aThomson Reuters La Ley, b2025. ap. 26-40 aCita Online: TR LALEY AR/DOC/426/2025.  aSumario: I. El derecho de daños y la importancia de la comunicación del hijo con ambos progenitores.— II. El impedimento de contacto y los deberes de la judicatura. La protección especial que merecen los niños. Deficiencia en el accionar de ciertos tribunales.— III. Daños y perjuicios por la obstaculización de los vínculos parento-filiales.— IV. Admisión por la jurisprudencia de la acción por daños y perjuicios.— V. Procedencia de la acción de daños cuando no es genuino el discurso del niño que rechaza el contacto.— VI. Alcance de los daños a reclamar. Legitimación activa y pasiva. Responsabilidad del Estado.— VII. Sentencias del Tribunal Europeo de Derechos Humanos en casos de alienación parental que impidieron los contactos parento-filiales. Aplicación en el derecho argentino.— VIII. Rechazo de demandas de daños y perjuicios por la falta de los presupuestos de la responsabilidad civil.— IX. Daños y perjuicios contra el progenitor que no se relaciona con su hijo. Jurisprudencia.— X. De lege ferenda. Indemnización en el mismo proceso donde tramita el reclamo del régimen de comunicación. t¿Te interesa el texto completo? Solicitalo al correo: koha@justierradelfuego.gov.ar  0aRESPONSABILIDAD PARENTAL 0aRESPONSABILIDAD DEL ESTADO 0aINTERES SUPERIOR DEL NIÑO 0aDAÑOS Y PERJUICIOS 0aDERECHOS DE LAS NIÑAS, NIÑOS Y ADOLESCENTES 0aDERECHOS Y OBLIGACIONES DE LOS PADRES 0aRESPONSABILIDAD CIVIL0 02713dCiudad Autónoma de Buenos Aires : Thomson Reuters La Ley, 2015-tRevista Código Civil y Comercial. Nº 2 - Abril 2025